000 01220nam1a22003491i 4500
001 v19\rc\1427159
005 20240726004844.0
035 _a(NLR Aleph) 004574985
090 _a2452749
_c2452749
100 _a20060620g18531855|||y0rusy50 ca
101 0 _arus
102 _aRU
105 _ay z |||||
200 1 _aМатериалы для отечественной истории
_fИзд. Михаил Судиенко, пред. Врем. комис., высоч. учрежд. при киевск. воен., подольск. и волын. ген.-губернаторе. Т. 1-2
210 _aКиев
_cУнив. тип.
_d1853-1855
215 _a2 т.
_d22
702 1 _aСудиенко
_bМ.О.
_gМихаил Осипович
_4650
801 0 _aRU
_bNLR
_gpsbo
801 0 _aRU
_bRuMoRGB
_2psbo
801 1 _aRU
_bProSoft-M
_2rusmarc
852 _aNLR
_j18.21.4.15
852 _aNLR
_j133/2092
852 _aNLR
_j+Шифры разные
899 _aRuMoRGB
_jF 7/101
899 _aRuMoRGB
_jB 6/52
899 _aRuMoRGB
_jM 92а/23 (т. 1)
899 _aRuMoRGB
_jΔ 180/128 (т. 2)
899 _aБАН
899 _aНБ СПбГУ
899 _aГПИБ
899 _aНБ МГУ (1)
942 _cBOOK